| 000 | 01051nam a2200253Ia 4500 | ||
|---|---|---|---|
| 003 | OSt | ||
| 005 | 20220923211245.0 | ||
| 006 | a|||||r|||| 00| 0 | ||
| 007 | ta | ||
| 008 | 220922b |||||||| |||| 00| 0 hin d | ||
| 020 |
_a9788178541686 (hbk) _c400 |
||
| 024 | _a240,024 | ||
| 037 |
_b205, 12/09/2009, Eastern Book Linkers _cTextual |
||
| 040 |
_aARTS _cARTS _bhin |
||
| 041 |
_2hin _ahin |
||
| 082 | _aO15:g, 152P9 | ||
| 100 |
_aऊदल कुमार; शर्मा, प्रज्ञा _9160072 |
||
| 245 | 0 | _aसंस्कृत साहित्य में आलोचना इतिहास तथा सिद्धान्त | |
| 246 | _aSanskṛut sāhitya mean ālochanā itihās tathā siddhānta | ||
| 260 |
_aदिल्ली _b ईस्टर्न बुक लिंकर्स _c2009 |
||
| 300 |
_a168पृ. _ccm. |
||
| 942 |
_hO15:g, 152P9 _cTEXL _2CC |
||
| 999 |
_c297793 _d297793 |
||